000 00350nam a2200121Ia 4500
008 240731s9999 xx 000 0 und d
022 _a1520-5738
245 0 _aJournal of Macromolecular Science, Part A : Pure and Applied Chemistry
260 _bTaylor & Francis
856 _uhttps://www.tandfonline.com/loi/lmsa20
942 _2ddc
942 _cTFEJ
999 _c77914
_d77914
945 _a1
_bMadushi Gamage
_c1
_dMadushi Gamage